00601cam a2200205ua 450000100060000000800390000604000090004504100120005408200120006610000200007824500300009826000320012830000160016050000360017665300190021270000300023194200070026199900170026895201100028512547160404n1982 II |||gr||||Z||||||eng aMAIN aEnglish a824 WIL aWILLIAM , W.E . aA BOOK OF ENGLISH ESSAYS  aLONDONbPENGUIN BOOKSc1982 a378:c20CM. aDONATED BY DULAL DUTTA,SIBSAGAR aEnglish essays aWILLIAM , W.E .,eAUTHOR. cBK c12440d12440 001040708TBENGaMAINbMAINcEN#d1989-09-11o824 WILp10670r2020-02-27 00:00:00t1w2020-02-27yBKzV